00000000nam##2200000za#4500
0019.665059
003CaOODSP
00520210615122013
007ta
008150407|2003||||xxc|||||     f|0| 0 eng|d
020 |a0-662-67728-5
040 |aCaOODSP|beng
041 |aeng
041 |afre
043 |an-cn---
0861 |aSC94-103/2003
1101 |aCanada.|bCanadian Centre for Management Development.
24510|aMaking transitions work : |bIntegrating external executives into the Federal Public Service / |cArthur Kroeger and Jeff Heynen
260 |aOttawa - Ontario : |bCanadian Centre for Management Development |c2003.
300 |aiii, 31p.|btables
504 |aBibliography.
5203 |aThis report looks at the benefits and costs of bringing private-sector executives into senior levels of the public service, focusing on the importance of effective transitions. It identifies the challenges facing external executives entering the unfamiliar culture of the federal government, and explains the differences between the public and private sectors, as well as between the federal and provincial levels of government. The authors make recommendations to improve the integration process, from selection to continuing support.
563 |aSoftcover
590 |a04-01|b2004-01-02
69007|aExecutives|2gcpds
69007|aPersonnel management|2gcpds
69007|aPublic service|2gcpds
69007|aRecruiting|2gcpds
7201 |aKroeger, Arthur
7201 |aHeynen, Jeff
7760#|tDes transitions réussies : |w(CaOODSP)9.631266
7760#|tMaking transitions work : |w(CaOODSP)9.686803
792 |tDes transitions réussies : |efre|w(CaOODSP)9.665060